Hóa đại cương
Sách được biên soạn theo chương trình chuẩn ( A1 ) môn Hóa Đại Cương do Bộ Giáo dục và Đào tạo ban hành, nhằm cung cấp các bài giảng cho sinh viên năm thứ nhất Đại học.
Guardado en:
| Autor principal: | |
|---|---|
| Formato: | Libro |
| Lenguaje: | Undetermined |
| Publicado: |
Thành phố Hồ Chí Minh
Trẻ
1996
|
| Materias: | |
| Etiquetas: |
Agregar Etiqueta
Sin Etiquetas, Sea el primero en etiquetar este registro!
|
| Thư viện lưu trữ: | Trung tâm Học liệu Trường Đại học Cần Thơ |
|---|
| LEADER | 00811nam a2200205Ia 4500 | ||
|---|---|---|---|
| 001 | CTU_19465 | ||
| 008 | 210402s9999 xx 000 0 und d | ||
| 020 | |c 23000 | ||
| 082 | |a 540 | ||
| 082 | |b Ch513 | ||
| 100 | |a Nguyễn, Đức Chung | ||
| 245 | 0 | |a Hóa đại cương | |
| 245 | 0 | |c Nguyễn Đức Chung | |
| 260 | |a Thành phố Hồ Chí Minh | ||
| 260 | |b Trẻ | ||
| 260 | |c 1996 | ||
| 520 | |a Sách được biên soạn theo chương trình chuẩn ( A1 ) môn Hóa Đại Cương do Bộ Giáo dục và Đào tạo ban hành, nhằm cung cấp các bài giảng cho sinh viên năm thứ nhất Đại học. | ||
| 650 | |a Chemistry | ||
| 904 | |i Bạch Trúc, Q. Hiếu (sửa) | ||
| 980 | |a Trung tâm Học liệu Trường Đại học Cần Thơ | ||